| 000 | 00000nam##2200000za#4500 |
| 001 | 9.643382 |
| 003 | CaOODSP |
| 005 | 20210624224137 |
| 007 | cr ||||||||||| |
| 008 | 150407|1971||||xxc|||||o f|0| 0 fre|d |
| 040 | |aCaOODSP|bfre |
| 043 | |an-cn--- |
| 086 | 1 |aA43-1431/1971F-PDF |
| 110 | 1 |aCanada.|bAgriculture Canada. |bDirection générale de recherche. |
| 245 | 10|aPorte-greffes hybrides pour les pommiers / |h[ressource électronique]|c[par] Lloyd P.S. Spangelo. |
| 260 | |aOttawa - Ontario : |bAgriculture Canada. |c1971. |
| 300 | |a8p.|btableau |
| 500 | |aPublication historique numérisée par Agriculture et Agroalimentaire Canada. |
| 590 | |a14-11-Supp|b2014-05-21 |
| 691 | 07|aPomme|2gcpds |
| 691 | 07|aCultures fruitières|2gcpds |
| 775 | 08|tHybrid seedling rootstocks for apples / |w(CaOODSP)9.699393 |
| 856 | 40|ahttp://publications.gc.ca|qPDF|s327 Ko|uhttps://publications.gc.ca/collections/collection_2014/aac-aafc/agrhist/A43-1431-1971-fra.pdf |
| 986 | |a1431 |